Chyby stali Poprad dva body

Bibliographic Details
Format: Article
Language:Slovak
Subjects:

MARC

LEADER 00000nab a2200000 ar4500
001 vtls008982015
003 SK-MaSNL
005 20260303065157.0
008 070419c2007 xo wr|p|||||||000 b|slo
038 |a PPPK 
040 |a PPPKCL  |b slo  |c PPPK  |e AACR2 
041 0 |a slo 
044 |a xo  |c SK 
080 |a 796.332.093  |2 1997 
245 0 0 |a Chyby stali Poprad dva body  |c [autor] (ttk) 
610 2 7 |a FK AquaCity Poprad  |2 pppkcl  |9 1035201 
648 7 |a sezóna 2006/2007  |2 pppkcl  |9 1032718 
650 0 7 |a futbal  |2 pppkcl  |9 3291 
650 0 7 |a 3. liga  |2 pppkcl  |9 1029003 
650 0 7 |a 21. kolo  |2 pppkcl  |9 872724 
651 7 |a Poprad (Slovensko)  |2 pppkcl  |9 20155 
773 0 |t Poprad : noviny občanov mesta  |g Roč. XVIII, č. 29 (2007), s. 6 
852 |a PPPK  |b KIS3GCP 
999 |c 1750153  |d 1752083